000 00564nam a2200193 a 4500
001 1772446938306
003 YourLibrary
005 20260302155321.0
008 260302s1994##################000#0#eng##
020 _a9780195087383
082 0 4 _a327.019
_bMAN
100 1 _aManheim, Jarol B.,
_eauthor.
245 1 0 _aStrategic Public Diplomacy and American Foreign Policy :
260 _bOxford University Press on Demand,
_c1994.
300 _a209 pages
650 0 _aLanguage Arts & Disciplines.
942 _cENGLISH
040 _aYourLibrary
_beng
_cYourLibrary
999 _c616507
_d616507